000 00514nam a2200205Ia 4500
003 GCL
008 140319s9999 xx 000 0 ara d
040 _aGCL /
_cGCL
082 0 4 _a810.9
_bط ح
100 1 _aطه حسين
245 1 0 _aحافظ وشوقى /
_cطه حسين
300 _a224 ص
490 _a
650 0 4 _aالشعر العربى
650 0 4 _aالادب العربى
650 0 4 _aالشعراء
650 0 4 _aحافظ ابراهيم
650 0 4 _aاحمد شوقى
942 _2ddc
_cBK
999 _c46156
_d46156